Radics Mihály hirtelen halála a boncolás szerint szívbénulás okozta a halál bekövetkezését

Elmentve itt :
Bibliográfiai részletek
Dokumentumtípus: Cikk
Megjelent: 1937-03-06
Sorozat:Délmagyarország 13 No. 53
Kulcsszavak:Radics Mihály, Haláleset
Online Access:http://dmarchiv.bibl.u-szeged.hu/40411
LEADER 00485nab a2200145 i 4500
001 delm40411
005 20180927130029.0
008 180927s1937 hu o 0|| hun d
040 |a SZTE Délmagyarország Archívum  |b hun 
041 |a hun 
245 0 0 |a Radics Mihály hirtelen halála   |h [elektronikus dokumentum] :  |b a boncolás szerint szívbénulás okozta a halál bekövetkezését 
260 |c 1937-03-06 
300 |a 5 
490 0 |a Délmagyarország  |v 13 No. 53 
695 |a Radics Mihály, Haláleset